000 01052nas a2200337 4500
001 BR2016002705
003 BR-BrBNA
005 20231205130522.0
007 ta
008 230509b bl.|||p| |||| 00| 00por d
040 _aBR-BrBNA
_bpor
_cBiblioteca Nacional de Agricultura
041 _a(En)
072 _aF60
100 1 _aAraújo, S.G.
100 1 _aAlves, L.F.
100 1 _aPinto, M.E.A.
100 1 _aOliveira, G.T.
100 1 _aSiqueira, E.P.
100 1 _aRibeiro, R.I.M.A.
100 1 _aFerreira, J.M.S.
100 1 _aLima, L.A.R.S.
245 1 _aVolatile compounds of Lamiaceae exhibit a synergistic antibacterial activity with streptomycin
650 _aPLANTA MEDICINAL
650 _aANALISE QUIMICA
650 _aCROMATOGRAFIA GASOSA
650 _aBACTERIA
773 0 _tBrazilian Journal of Microbiology (Brazil)
_xISSN 1517-8382
_g(Oct-Dec 2014), v. 45(4) p. 1341-1347
_wBR2016002705
856 4 0 _uhttp://www.scielo.br/pdf/bjm/v45n4/26.pdf
909 _a202311
_bLúcia
_c55
_dLúcia Elande
942 _2AGRIS
_n0
_cANA
999 _c249894
_d249894